<?xml version='1.0' encoding='UTF-8'?>
  <record xmlns="http://www.loc.gov/MARC21/slim">
    <leader>00000cam a2200000 i 4500</leader>
    <controlfield tag="001">ocm19422287</controlfield>
    <controlfield tag="003">OCoLC</controlfield>
    <controlfield tag="005">20241230152658.5</controlfield>
    <controlfield tag="008">880212s1875    sw a          000 0 swe d</controlfield>
    <datafield tag="040" ind1=" " ind2=" ">
      <subfield code="a">MNP</subfield>
      <subfield code="b">eng</subfield>
      <subfield code="c">MNP</subfield>
      <subfield code="d">AGL</subfield>
      <subfield code="d">OCLCQ</subfield>
      <subfield code="d">OCLCF</subfield>
      <subfield code="d">OCLCQ</subfield>
      <subfield code="d">OCLCO</subfield>
      <subfield code="d">OCLCL</subfield>
      <subfield code="d">OCLCQ</subfield>
    </datafield>
    <datafield tag="016" ind1="7" ind2=" ">
      <subfield code="a">CAT30909108</subfield>
      <subfield code="2">DNAL</subfield>
    </datafield>
    <datafield tag="029" ind1="1" ind2=" ">
      <subfield code="a">NLGGC</subfield>
      <subfield code="b">183924363</subfield>
    </datafield>
    <datafield tag="035" ind1=" " ind2=" ">
      <subfield code="a">(OCoLC)19422287</subfield>
    </datafield>
    <datafield tag="070" ind1=" " ind2=" ">
      <subfield code="a">41</subfield>
      <subfield code="b">Sj5</subfield>
    </datafield>
    <datafield tag="100" ind1="1" ind2=" ">
      <subfield code="a">Sjöstedt, G. W.</subfield>
    </datafield>
    <datafield tag="245" ind1="1" ind2="0">
      <subfield code="a">Handbok i förlossningskonsten för veterinärer och uppfödare af Husdjur :</subfield>
      <subfield code="b">med 53 träsnitt.</subfield>
    </datafield>
    <datafield tag="260" ind1=" " ind2=" ">
      <subfield code="a">Stockholm :</subfield>
      <subfield code="b">På Författarens förlag,</subfield>
      <subfield code="c">1875.</subfield>
    </datafield>
    <datafield tag="300" ind1=" " ind2=" ">
      <subfield code="a">216 pages :</subfield>
      <subfield code="b">illustrations ;</subfield>
      <subfield code="c">20 cm</subfield>
    </datafield>
    <datafield tag="336" ind1=" " ind2=" ">
      <subfield code="a">text</subfield>
      <subfield code="b">txt</subfield>
      <subfield code="2">rdacontent</subfield>
    </datafield>
    <datafield tag="337" ind1=" " ind2=" ">
      <subfield code="a">unmediated</subfield>
      <subfield code="b">n</subfield>
      <subfield code="2">rdamedia</subfield>
    </datafield>
    <datafield tag="338" ind1=" " ind2=" ">
      <subfield code="a">volume</subfield>
      <subfield code="b">nc</subfield>
      <subfield code="2">rdacarrier</subfield>
    </datafield>
    <datafield tag="650" ind1=" " ind2="0">
      <subfield code="a">Veterinary obstetrics.</subfield>
    </datafield>
    <datafield tag="650" ind1=" " ind2="6">
      <subfield code="a">Obstétrique vétérinaire.</subfield>
    </datafield>
    <datafield tag="650" ind1=" " ind2="7">
      <subfield code="a">Veterinary obstetrics.</subfield>
      <subfield code="2">fast</subfield>
      <subfield code="0">(OCoLC)fst01166042</subfield>
    </datafield>
    <datafield tag="758" ind1=" " ind2=" ">
      <subfield code="i">has work:</subfield>
      <subfield code="a">Handbok i förlossningskonsten för veterinärer och uppfödare af husdjur (Text)</subfield>
      <subfield code="1">https://id.oclc.org/worldcat/entity/E39PD3t89TrRTTp79djmWgVJwC</subfield>
      <subfield code="4">https://id.oclc.org/worldcat/ontology/hasWork</subfield>
    </datafield>
    <datafield tag="776" ind1="0" ind2="8">
      <subfield code="i">Online version:</subfield>
      <subfield code="a">Sjöstedt, G. W.</subfield>
      <subfield code="t">Handbok i förlossningskonsten för veterinärer och uppfödare af Husdjur.</subfield>
      <subfield code="d">Stockholm : På Författarens förlag, 1875</subfield>
      <subfield code="w">(OCoLC)990264620</subfield>
    </datafield>
    <datafield tag="936" ind1=" " ind2=" ">
      <subfield code="a">BATCHLOAD</subfield>
    </datafield>
  </record>